| 000 | 00564cam a2200193 4500500 | ||
|---|---|---|---|
| 005 | 20260329004432.0 | ||
| 041 | _afre | ||
| 042 | _adc | ||
| 100 | 1 | 0 |
_aEnjalbert, Cédric _eauthor |
| 245 | 0 | 0 | _aCapitaine abandonné |
| 260 | _c2019. | ||
| 500 | _a11 | ||
| 690 | _aAnitsémitisme | ||
| 690 | _aCinéma | ||
| 690 | _aDreyfus | ||
| 690 | _aRoman Polanski | ||
| 786 | 0 | _nPhilosophie magazine | 134 | 11 | 2019-11-01 | p. 67-67 | 1951-1787 | |
| 856 | 4 | 1 | _uhttps://shs.cairn.info/magazine-philosophie-magazine-2019-11-page-67?lang=fr&redirect-ssocas=7080 |
| 999 |
_c1833836 _d1833836 |
||